[Event "Brasilia Centro Oeste-ch"]
[Site "Brasilia"]
[Date "2017.09.24"]
[Round "6"]
[White "Sampaio, Ana Beatriz da Silv"]
[Black "Taira, Erick Hideki"]
[Result "0-1"]
[WhiteElo "1387"]
[BlackElo "1817"]
[PlyCount "58"]
[EventDate "2017.09.22"]
[EventType "swiss"]
[EventRounds "6"]
[EventCountry "BRA"]
[SourceTitle "CBM 180 Extra"]
[Source "ChessBase"]
[SourceDate "2017.10.06"]
[SourceVersion "1"]
[SourceVersionDate "2017.10.06"]
[SourceQuality "1"]

1. d4 d5 2. c4 c6 3. Nf3 Nf6 4. Nc3 e6 5. Bg5 h6 6. Bh4 dxc4 7. e4 g5 8. Bg3 b5 9. a3 Bb7 10. Qc2 a6 11. Be2 Nbd7 12. 0-0 Nh5 13. Nd2 Nxg3 14. fxg3 Qb6 15. Bh5 Qxd4+ 16. Kh1 0-0-0 17. Bxf7 Nc5 18. Rad1 Nd3 19. Bxe6+ Kb8 20. Nf3 Qb6 21. Rd2 Bc5 22. Bf5 Rhf8 23. Ne1 Be3 24. Re2 Nc1 25. Nf3 Nxe2 26. Qxe2 Bd4 27. Rd1 Bxc3 28. Rxd8+ Qxd8 29. bxc3 Qd3 0-1

[Event "BRA-ch U16 Girls"]
[Site "Itajai"]
[Date "2016.06.11"]
[Round "4"]
[White "Sampaio, Ana Beatriz da Silv"]
[Black "Gomes, Maria Eduarda Papin"]
[Result "0-1"]
[WhiteElo "1428"]
[BlackElo "1575"]
[PlyCount "76"]
[EventDate "2016.06.09"]
[EventType "swiss"]
[EventRounds "6"]
[EventCountry "BRA"]
[SourceTitle "CBM 172 Extra"]
[Source "ChessBase"]
[SourceDate "2016.06.21"]
[SourceVersion "1"]
[SourceVersionDate "2016.06.21"]
[SourceQuality "1"]

1. d4 Nf6 2. c4 g6 3. Nc3 Bg7 4. e4 d6 5. f4 0-0 6. Nf3 Nfd7 7. Be2 e5 8. fxe5 dxe5 9. d5 a5 10. 0-0 Nc5 11. Be3 Nbd7 12. a3 Qe7 13. Qc2 a4 14. Rf2 Nb6 15. Raf1 h6 16. Nb5 f5 17. Nc3 fxe4 18. Nxe4 Nxe4 19. Qxe4 Bf5 20. Qh4 Nc8 21. Qxe7 Nxe7 22. Bc5 Rfe8 23. Nh4 Bc2 24. Bg4 Bd3 25. Be2 Be4 26. Bb4 Nf5 27. Nxf5 Bxf5 28. Bc3 Bf8 29. Kh1 Bc5 30. Rxf5 gxf5 31. Bh5 Re7 32. Rxf5 Bd4 33. Bd2 Bxb2 34. Bxh6 Bxa3 35. Bg5 Rd7 36. Rxe5 Bb2 37. Rf5 a3 38. Be3 a2 0-1

[Event "Brasilia Terraviva op"]
[Site "Brasilia"]
[Date "2016.04.24"]
[Round "6"]
[White "Sampaio, Ana Beatriz da Silv"]
[Black "Da Silva, Amanda Ketley Doura"]
[Result "1-0"]
[WhiteElo "1361"]
[BlackElo "1554"]
[PlyCount "79"]
[EventDate "2016.04.21"]
[EventType "swiss"]
[EventRounds "7"]
[EventCountry "BRA"]
[SourceTitle "CBM 172 Extra"]
[Source "ChessBase"]
[SourceDate "2016.06.21"]
[SourceVersion "1"]
[SourceVersionDate "2016.06.21"]
[SourceQuality "1"]

1. d4 Nf6 2. c4 e6 3. Nc3 Bb4 4. Nf3 b6 5. e3 Bb7 6. Be2 0-0 7. 0-0 d5 8. Bd2 Bd6 9. Rc1 Nbd7 10. Qc2 e5 11. cxd5 Nxd5 12. Nb5 Ba6 13. Bc4 Bxb5 14. Bxb5 N5f6 15. dxe5 Nxe5 16. Nxe5 Bxe5 17. Bc6 Rb8 18. Bb4 Bd6 19. Rfd1 Qe7 20. Bxd6 cxd6 21. Rd4 Rbc8 22. Qd2 Rfd8 23. b4 a6 24. a4 Qc7 25. b5 axb5 26. axb5 d5 27. Qc2 Rd6 28. Rcd1 Re8 29. Qf5 Red8 30. h3 g6 31. Qf3 Ne4 32. Bxd5 Ng5 33. Qg3 Qe7 34. Bc6 Ne4 35. Qf3 Nc3 36. Rxd6 Rxd6 37. Rxd6 Qxd6 38. e4 Qe5 39. Bd5 Qe7 40. Qxc3 1-0

[Event "Brasilia Terraviva op"]
[Site "Brasilia"]
[Date "2016.04.23"]
[Round "4"]
[White "Sampaio, Ana Beatriz da Silv"]
[Black "Passos Coutinho, Eduardo"]
[Result "0-1"]
[WhiteElo "1361"]
[BlackElo "1781"]
[PlyCount "68"]
[EventDate "2016.04.21"]
[EventType "swiss"]
[EventRounds "7"]
[EventCountry "BRA"]
[SourceTitle "CBM 172 Extra"]
[Source "ChessBase"]
[SourceDate "2016.06.21"]
[SourceVersion "1"]
[SourceVersionDate "2016.06.21"]
[SourceQuality "1"]

1. d4 f5 2. c4 Nf6 3. Nc3 e6 4. Nf3 Bb4 5. Bd2 0-0 6. g3 d5 7. cxd5 exd5 8. Bg2 c6 9. 0-0 Bd6 10. e3 Ne4 11. Ne2 Nxd2 12. Qxd2 Nd7 13. a3 Rf6 14. Nf4 Rh6 15. Nh4 Nf6 16. Qc2 g5 17. Nxf5 Bxf5 18. Qxf5 gxf4 19. exf4 Qd7 20. Qd3 Re8 21. h3 Ne4 22. Rae1 Rhe6 23. Re2 R6e7 24. Rfe1 Qf5 25. Bxe4 dxe4 26. Qb3+ Kf8 27. Qe3 Qxh3 28. f5 Rg7 29. f6 Rg6 30. Qb3 Rh6 31. f4 Qh1+ 32. Kf2 Rh2+ 33. Ke3 Qf3+ 34. Kd2 Rxe2+ 0-1